NHL Team Points Leaders - Statistics

General Stats
  • This quiz has been taken 235 times
  • The average score is 20 of 32
Answer Stats
Team Points Years Answer % Correct
Edmonton Oilers 1669 1980-1988 Wayne Gretzky
97%
Washington Capitals 1598 2006-Present Alex Ovechkin
91%
Pittsburgh Penguins 1723 1985-2006 Mario Lemieux
90%
Detroit Red Wings 1809 1947-1971 Gordie Howe
81%
Colorado Avalanche 1641 1989-2009 Joe Sakic
80%
Dallas Stars 1359 1990-2010 Mike Modano
78%
Tampa Bay Lightning 1137 2009-2024 Steven Stamkos
76%
Vancouver Canucks 1070 2001-2018 Henrik Sedin
75%
Calgary Flames 1095 1997-2013 Jarome Iginla
75%
Columbus Blue Jackets 547 2003-2012 Rick Nash
71%
Anaheim Ducks 1019 2006-2022 Ryan Getzlaf
71%
Florida Panthers 765 2014-Present Aleksander Barkov
70%
Boston Bruins 1506 1980-2000 Ray Bourque
70%
Montreal Canadiens 1246 1972-1985 Guy Lafleur
67%
San Jose Sharks 1111 1998-2017, 2020-2021 Patrick Marleau
66%
Ottawa Senators 1108 1996-2013 Daniel Alfredsson
65%
Chicago Blackhawks 1467 1959-1980 Stan Mikita
65%
Toronto Maple Leafs 987 1995-2008 Mats Sundin
62%
Los Angeles Kings 1307 1976-1987 Marcel Dionne
61%
Utah Mammoth (Arizona Coyotes) 972 1996-2017 Shane Doan
59%
Carolina Hurricanes 1175 1982-1991, 1999-2004 Ron Francis
57%
Philadelphia Flyers 1210 1970-1984 Bobby Clarke
55%
Nashville Predators 724 2012-Present Roman Josi
53%
Winnipeg Jets 812 2011-2023 Blake Wheeler
52%
Vegas Golden Knights 417 2018-2024 Jonathan Marchessault
51%
New York Islanders 1353 1976-1990 Bryan Trottier
50%
New Jersey Devils 1025 1996-2016 Patrick Elias
48%
Minnesota Wild 709 2006-2020 Mikko Koivu
47%
Seattle Kraken 226 2022-Present Jared McCann
39%
Buffalo Sabres 1326 1971-1987 Gilbert Perreault
37%
St. Louis Blues 1073 1977-1989 Bernie Federko
26%
New York Rangers 1021 1961-1978 Rod Gilbert
25%
No matching quizzes found
Score Distribution
Percent of People with Each Score
Percentile by Number Answered
Your Score History
You have not taken this quiz